000 00781nam a2200301Ia 4500
001 14501
003 IT-RoPAU
008 130308s9999 xx 000 0 und d
040 _aIT-RoPAU
040 _cIT-RoPAU
041 _aFRANCESE
100 _aSilver Nathan
100 _gCodice Aut. SPICS: 1253
245 _aUne architecture sans batiments
245 _bSens de la Ville (Le)
250 _a1a ed.
260 _aPARIS
260 _bSeuil
260 _c1972 [1° Ed.:1972 - Ed.Ling.Originale:1969]
300 _a"17 p. (prefazione: no ; testo: 17 [pagine: 167-183])"
500 _aArchitettura senza Costruzioni
650 _aTEORIA DI ARCHITETTURA
650 _eCodice materia Spics: 5303
942 _cBK
957 _71
999 _c48142
_d48142
999 _bSI
999 _g1